00997cam a22002891 4500001001300000003000400013005001700017008004100034010001700075035001900092040004700111042001200158043001200170050002200182100002900204245007300233260005800306300004900364500005900413504003100472650002800503650001900531650004500550650003100595830006400626999001700690gs 55000104 DLC20260227111402.0811022s1955 bccabf b 000 0 eng c ags 55000104  a(OCoLC)7866538 aU.S. Geol. Survey libr.cMoUdWaChenEdDLC apremarc an-cn-bc00aTN27b.B72 no. 361 aMcKechnie, Neil Douglas.10aCoal reserves of the Hasler Creek-Pine River area, British Columbia. aVictoria,bD. McDiarmid, printer to the Queen,c1955. a32 p.billus., plates, maps, tables.c27 cm. aPart of the illustrative material is folded in pocket. aBibliographical footnotes. 0aCoalzBritish Columbia. 0aCoalxTesting. 0aCoal mines and miningzBritish Columbia. 0aBoringszBritish Columbia. 0aBulletin (British Columbia. Department of Mines) ;vno. 36. c28941d28941